[Event "JOR-ch sf"]
[Site "Amman"]
[Date "2009.04.02"]
[Round "6"]
[White "Zaben, Majed"]
[Black "Alattar, Rakan"]
[Result "0-1"]
[WhiteElo "1927"]
[BlackElo "1777"]
[PlyCount "110"]
[EventDate "2009.03.26"]
[EventType "swiss"]
[EventRounds "9"]
[EventCountry "JOR"]
[SourceTitle "EXT 2022"]
[Source "ChessBase"]
[SourceDate "2021.10.06"]
[SourceVersion "1"]
[SourceVersionDate "2021.10.06"]
[SourceQuality "1"]

1. d4 Nf6 2. c4 e6 3. Nc3 d5 4. Nf3 Be7 5. Bf4 0-0 6. e3 Nbd7 7. Bd3 c5 8. 0-0 b6 9. cxd5 exd5 10. Rc1 Bb7 11. h3 Ne4 12. Nd2 Ndf6 13. f3 Nxc3 14. bxc3 c4 15. Bc2 Nh5 16. Bh2 Bd6 17. f4 Nf6 18. g4 Qe7 19. Qf3 Bc7 20. g5 Nd7 21. Nxc4 dxc4 22. Qxb7 Qxe3+ 23. Kg2 Qe2+ 24. Kh1 Rac8 25. Qf3 Rfe8 26. Qg4 Nf8 27. Bb1 Qxg4 28. hxg4 Re2 29. Bg3 Rce8 30. Rfe1 Rxe1+ 31. Rxe1 Rxe1+ 32. Bxe1 Bxf4 33. Kg2 Bxg5 34. Kf3 Nd7 35. Ke4 b5 36. Kd5 a6 37. Kc6 Nb8+ 38. Kb7 Bf4 39. g5 Kf8 40. Be4 Ke7 41. d5 h5 42. gxh6 gxh6 43. Bf2 h5 44. Ba7 Nd7 45. Kxa6 b4 46. cxb4 c3 47. b5 h4 48. Bd4 Be5 49. Bxe5 Nxe5 50. b6 h3 51. b7 Nd7 52. Bf5 Nc5+ 53. Kb6 Nxb7 54. Kxb7 h2 55. Be4 c2 0-1